|
|
|
|
| LEADER |
00000nab a2200000 a 4500 |
| 001 |
vtls000338533 |
| 003 |
SK-MaSNL |
| 005 |
20260304002901.0 |
| 008 |
160204c1987 xo 0 cze |
| 015 |
|
|
|a SNBRA19rr/mm-uuuuu
|
| 035 |
|
|
|a CL0338655
|
| 040 |
|
|
|a SNKBUCL
|b slo
|c SNKBUCL
|e AACR2
|
| 041 |
0 |
|
|a cze
|
| 044 |
|
|
|a xo
|c SK
|
| 080 |
|
|
|a 553.411
|2 1981
|
| 100 |
1 |
|
|a Fojt, Bohuslav,
|d 1929-
|4 aut
|9 9654
|
| 245 |
1 |
0 |
|a Zlato jesenických stratiformních ložisek
|c Bohuslav Fojt, Jan Hauk, Eva Vodová
|
| 300 |
|
|
|b Obr. 1. Res. angl., lit. 18 zázn. v slov., češ., angl., nem.
|
| 650 |
0 |
7 |
|a zlato
|2 snkbucl
|9 17575
|
| 655 |
|
7 |
|a články zo zborníkov
|2 snkbucl
|9 166140
|
| 700 |
1 |
|
|a Hauk, Jan
|4 aut
|9 1280815
|
| 700 |
1 |
|
|a Vodová, Eva
|4 aut
|9 1280816
|
| 773 |
0 |
|
|t Zlato v Západných Karpatoch. Jeho geochémia, mineralógia, metalogenéza, ložiská
|d Bratislava : Geologický ústav D. Štúra, 1987
|g S. 35-41
|
| 850 |
|
|
|a Slovenská národná knižnica v Martine
|a MTA001
|
| 852 |
|
|
|a SNK
|b KIS3GCP
|
| 958 |
|
|
|a NB
|
| 958 |
|
|
|a RK
|
| 958 |
|
|
|a CZ
|
| 992 |
|
|
|a RZB
|
| 999 |
|
|
|c 2544331
|d 2546261
|